America's Next Top Model Judges - Statistics

General Stats
  • This quiz has been taken 56 times
  • The average score is 11 of 18
Answer Stats
Hint Answer % Correct
Host/Judge Seasons 1-22 & 24 Tyra Banks
100%
Judge Seasons 5-13 & 21-22 J Alexander
86%
Judge Seasons 1-4 Janice Dickinson
83%
Judge Seasons 2-18 Nigel Barker
81%
Judge Season 5-9 Twiggy
76%
Host/Judge Season 23 Rita Ora
74%
Judge Seasons 14-17 André Leon Talley
64%
Judge Seasons 18-22 Kelly Cutrone
64%
Judge Seasons 3-4 Nolé Marin
64%
Judge Seasons 10-12 Paulina Porizkova
64%
Judge Seasons 19-20 Rob Evans
60%
Judge Seasons 23-24 Ashley Graham
55%
Judge Season 1 Kimora Lee Simmons
55%
Judge Seasons 23-24 Law Roach
40%
Judge Seasons 23-24 Drew Elliott
38%
Judge Seasons 19-20 Bryanboy
36%
Judge Season 1 Beau Quillian
33%
Judge Season 2 Eric Nicholson
26%
No matching quizzes found
Score Distribution
Percent of People with Each Score
Percentile by Number Answered
Your Score History
You have not taken this quiz